Statistics for Top 5 Darts Players per country #1

Click here to take the quiz!

General Stats

  • This quiz has been taken 210 times
  • The average score is 11 of 25

Answer Stats

CountryAnswer% Correct
NetherlandsMichael Van Gerwen
99%
NetherlandsRaymond Van Barneveld
93%
ScotlandGary Anderson
92%
AustraliaKyle Anderson
92%
ScotlandPeter Wright
88%
AustraliaSimon Whitlock
86%
AustriaMensur Suljovic
75%
AustriaRowby John Rodriguez
58%
AustriaRusty Jake Rodriguez
58%
ScotlandJohn Henderson
57%
ScotlandRobert Thornton
55%
NetherlandsJelle Klaasen
52%
NetherlandsDanny Noppert
45%
BrazilDiogo Portela
39%
BrazilZe Mario Portela
39%
NetherlandsBenito Van De Pas
24%
AustriaZoran Lerchbacher
21%
AustraliaCorey Cadby
19%
AustraliaRaymond Smith
11%
ScotlandRoss Montgomery
5%
AustriaMaik Langendorf
2%
AustraliaPeter Machin
2%
BrazilAnderson Viera
1%
BrazilRoberto Wentz
1%
BrazilSven Schneider
1%

Score Distribution

Percentile by Number Answered

Percent of People with Each Score

Your Score History

You have not taken this quiz